| 000 | 01153cam a2200325 a 4500 | ||
|---|---|---|---|
| 001 | 16496897 | ||
| 003 | OSt | ||
| 005 | 20210312160356.0 | ||
| 008 | 100924s2009 ck a c 000 0 spa | ||
| 010 | _a 2011382204 | ||
| 020 | _a9789584458094 | ||
| 035 | _a(CVcHKB)kb2001095995 | ||
| 040 |
_aDLC _cCO-JMCR |
||
| 041 | 0 |
_aspa _aeng |
|
| 042 | _apcc | ||
| 043 | _as-ck--- | ||
| 082 | 0 | 4 |
_a720.92861 / _bM477a _223 |
| 100 | 1 |
_aMazzanti, Giancarlo. _eautor _936026 |
|
| 245 | 1 | 0 |
_aAlfabetos : _bvariaciones en la arquitectura de Giancarlo Mazzanti / _cGiancarlo Mazzanti ; concepción editorial, edición de arte, Verónica Restrepo, Miguel Mesa |
| 246 | 3 | 0 | _aVariaciones en la arquitectura de Giancarlo Mazzanti |
| 250 | _aPrimera edición | ||
| 260 |
_aBogotá : _bMesa, _c2009. |
||
| 300 |
_a223 páginas : _bilustraciones, mapas y fotografía a color ; _c31 cm. |
||
| 546 | _aText in Spanish and English. | ||
| 650 | 1 | 4 |
_aArquitectura _zColombia _xHistoria _936027 |
| 650 | 2 | 4 |
_aHistoria _xArquitectura _zColombia _936028 |
| 700 | 1 |
_aRestrepo, Verónica. _eeditora _936029 |
|
| 700 | 1 |
_aMesa, Miguel. _eeditor _936030 |
|
| 942 |
_2ddc _cBK |
||
| 999 |
_c15360 _d15360 |
||